<?xml version="1.0" encoding="UTF-8"?>
<collection xmlns="http://www.loc.gov/MARC21/slim">
 <record>
  <leader>01244nab#a2200361#ar4500</leader>
  <controlfield tag="001">000102027</controlfield>
  <controlfield tag="003">SVKKK</controlfield>
  <controlfield tag="005">20101020130314.0</controlfield>
  <controlfield tag="008">080707d1906    xo |||||||||||||||b|hun  </controlfield>
  <datafield tag="FMT" ind1=" " ind2=" "/>
  <datafield tag="038" ind1=" " ind2=" ">
   <subfield code="a">SVKKK</subfield>
  </datafield>
  <datafield tag="040" ind1=" " ind2=" ">
   <subfield code="a">SVKKK</subfield>
   <subfield code="b">slo</subfield>
   <subfield code="e">AACR2</subfield>
  </datafield>
  <datafield tag="041" ind1="0" ind2=" ">
   <subfield code="a">hun</subfield>
  </datafield>
  <datafield tag="044" ind1=" " ind2=" ">
   <subfield code="a">xo</subfield>
   <subfield code="c">SK</subfield>
  </datafield>
  <datafield tag="080" ind1=" " ind2=" ">
   <subfield code="a">334.732.2</subfield>
   <subfield code="2">1981</subfield>
  </datafield>
  <datafield tag="100" ind1="1" ind2=" ">
   <subfield code="a">Az igazgatóság [Riaditeľstvo]</subfield>
   <subfield code="4">aut</subfield>
  </datafield>
  <datafield tag="242" ind1="1" ind2="0">
   <subfield code="a">Pozvánka</subfield>
   <subfield code="b">Spotrebné družstvo Trebišova a okolia</subfield>
   <subfield code="c">[Riaditeľstvo]</subfield>
   <subfield code="y">slo</subfield>
  </datafield>
  <datafield tag="245" ind1="1" ind2="0">
   <subfield code="a">Meghivó</subfield>
   <subfield code="b">A Tőketerebes és Vidéke Fogyasztási Szovetkezet</subfield>
   <subfield code="c">Az igazgatóság</subfield>
  </datafield>
  <datafield tag="500" ind1=" " ind2=" ">
   <subfield code="a">Dohľadanie</subfield>
  </datafield>
  <datafield tag="520" ind1="2" ind2=" ">
   <subfield code="a">Pozvánka na zasadanie 18. februára 1906. Program zasadania</subfield>
  </datafield>
  <datafield tag="610" ind1="2" ind2="4">
   <subfield code="a">A tőketerbes és Vidéke Fogyasztási Szövetkezet [Spotrebné družstvo Trebišova a okolia] (Trebišov, Slovensko)</subfield>
  </datafield>
  <datafield tag="650" ind1="0" ind2="4">
   <subfield code="a">pozvánka an zasadanie družstva</subfield>
   <subfield code="x">program</subfield>
   <subfield code="z">Trebišov (Slovensko)</subfield>
   <subfield code="y">18.02.1906</subfield>
  </datafield>
  <datafield tag="655" ind1=" " ind2="4">
   <subfield code="a">hungariká</subfield>
  </datafield>
  <datafield tag="773" ind1="0" ind2=" ">
   <subfield code="t">Zemplén : Politikai hirlap</subfield>
   <subfield code="g">Roč. 34, č. 12 (10.02.1906) s. 7</subfield>
  </datafield>
  <datafield tag="957" ind1=" " ind2=" ">
   <subfield code="a">Trebišov</subfield>
  </datafield>
  <datafield tag="958" ind1=" " ind2=" ">
   <subfield code="a">DG</subfield>
  </datafield>
  <datafield tag="958" ind1=" " ind2=" ">
   <subfield code="a">HU</subfield>
  </datafield>
  <datafield tag="974" ind1=" " ind2=" ">
   <subfield code="a">Ba</subfield>
  </datafield>
  <datafield tag="992" ind1=" " ind2=" ">
   <subfield code="a">RBX</subfield>
  </datafield>
  <datafield tag="997" ind1=" " ind2=" ">
   <subfield code="c">A tőketerbes és Vidéke Fogyasztási Szövetkezet</subfield>
   <subfield code="d">Tőketebes p. Trebišov</subfield>
  </datafield>
  <datafield tag="997" ind1=" " ind2=" ">
   <subfield code="a">Az igazgatóság</subfield>
   <subfield code="4">aut</subfield>
  </datafield>
  <datafield tag="BAS" ind1=" " ind2=" "/>
  <datafield tag="998" ind1=" " ind2=" ">
   <subfield code="a">RETRO</subfield>
  </datafield>
 </record>
</collection>
